000 00352 a2200109 4500
001 ART_41802
005 20260410161814.0
008 260409a
245 1 0 _aLa verdad acerca de la creación del Instituto de Enseñanza Práctica
100 1 _aSanguinetti, Horacio
773 0 _tAcademia
_g- Año 11, Nº21 (ene./jun. 2013)
_wREV4314
999 _c21721
_d21721